000 00421nam a2200133Ia 4500
008 220217s9999||||xx |||||||||||||| ||und||
020 _a81-7808-432-5
082 _a005.3 JAC
100 _aJacobson, Ivar, Jonsson, Patrik Christerson, Magnus. etal
_92375
245 0 _aObject oriented software engineering
260 _aPearson education asia
_bDelhi
_c2002
300 _b495
650 _aSOFTWARE ENGINEERING
_91072
999 _c168901
_d168901